[Event "IX IBCA World Team Ch. for the Blind an"]
[Site "Ohrid, North Macedonia"]
[Date "2022.07.03"]
[Round "6.1"]
[White "Tazbir, Marcin"]
[Black "Turicnik, Vlado"]
[Result "1-0"]
[WhiteElo "2506"]
[BlackElo "1961"]
[PlyCount "31"]
[EventDate "2022.06.28"]
[EventType "team"]
[EventRounds "7"]
[EventCountry "MKD"]
[WhiteTeam "Poland"]
[BlackTeam "Slovenia"]
[WhiteTeamCountry "POL"]
[BlackTeamCountry "SLO"]

1. e4 c5 2. Nc3 Nc6 3. Bb5 g6 4. Bxc6 dxc6 5. d3 e5 6. f4 Bg7 7. Nf3 exf4 8.
Bxf4 f5 9. O-O Ne7 10. Qe1 O-O 11. Qh4 Re8 12. Rae1 Bd7 13. Bg5 Bf8 14. exf5
Bxf5 15. g4 Bd7 16. Ne4 1-0

[Event "IX IBCA World Team Ch. for the Blind an"]
[Site "Ohrid, North Macedonia"]
[Date "2022.07.03"]
[Round "6.2"]
[White "Znuderl, Matej"]
[Black "Stachanczyk, Jacek"]
[Result "1/2-1/2"]
[WhiteElo "1879"]
[BlackElo "2194"]
[PlyCount "70"]
[EventDate "2022.06.28"]
[EventType "team"]
[EventRounds "7"]
[EventCountry "MKD"]
[WhiteTeam "Slovenia"]
[BlackTeam "Poland"]
[WhiteTeamCountry "SLO"]
[BlackTeamCountry "POL"]

1. e4 c5 2. Nf3 Nc6 3. Bb5 g6 4. Bxc6 dxc6 5. d3 Bg7 6. Nc3 e5 7. Be3 Qe7 8.
Qd2 Nf6 9. h3 Nd7 10. O-O Nf8 11. a4 Ne6 12. Bh6 f6 13. Bxg7 Qxg7 14. Nh2 O-O
15. Ne2 Bd7 16. f4 exf4 17. Nxf4 f5 18. exf5 Rxf5 19. Nxe6 Bxe6 20. Rxf5 Bxf5
21. Rb1 Qd4+ 22. Kh1 Qxa4 23. Qc3 b6 24. Nf3 Qf4 25. Re1 Qc7 26. g4 Qf4 27. Kg2
Bxg4 28. hxg4 Qxg4+ 29. Kf2 Rf8 30. Qc4+ Qxc4 31. dxc4 Rf7 32. Kg3 Kg7 33. Re6
Rf6 34. Re7+ Rf7 35. Re6 Rf6 1/2-1/2

[Event "IX IBCA World Team Ch. for the Blind an"]
[Site "Ohrid, North Macedonia"]
[Date "2022.07.03"]
[Round "6.3"]
[White "Suder, Ryszard"]
[Black "Stimec, Marjan"]
[Result "1-0"]
[WhiteElo "2084"]
[BlackElo "1787"]
[PlyCount "97"]
[EventDate "2022.06.28"]
[EventType "team"]
[EventRounds "7"]
[EventCountry "MKD"]
[WhiteTeam "Poland"]
[BlackTeam "Slovenia"]
[WhiteTeamCountry "POL"]
[BlackTeamCountry "SLO"]

1. Nf3 c5 2. g3 Nf6 3. Bg2 d5 4. O-O Nc6 5. d4 e6 6. c4 dxc4 7. Qa4 Qa5 8. Qxc4
Qb4 9. Qxb4 Nxb4 10. Na3 Be7 11. Bd2 O-O 12. dxc5 Bxc5 13. Rfc1 Be7 14. Ne5 Rb8
15. Nac4 Nbd5 16. e4 Nb4 17. Bf4 Ra8 18. a3 Na6 19. b4 h6 20. Na5 Rd8 21. Rd1
Rxd1+ 22. Rxd1 Ne8 23. Nec4 g5 24. Be3 Nac7 25. e5 Nd5 26. Bd4 Nec7 27. Ne3
Nxe3 28. Bxe3 Nd5 29. Bxd5 exd5 30. Rxd5 Be6 31. Rd1 b6 32. Nc6 Bf8 33. f4 Bg4
34. Rd2 gxf4 35. gxf4 Kh7 36. Rd8 Rxd8 37. Nxd8 Kg6 38. Nc6 a5 39. Bxb6 axb4
40. axb4 Bd7 41. b5 Kf5 42. Be3 Ke4 43. Kf2 h5 44. Nd4 Bc5 45. Nc2 Bxe3+ 46.
Nxe3 Bxb5 47. Ng2 Kf5 48. Kg3 Bf1 49. Ne3+ 1-0

[Event "IX IBCA World Team Ch. for the Blind an"]
[Site "Ohrid, North Macedonia"]
[Date "2022.07.03"]
[Round "6.4"]
[White "Cizman, Gregor"]
[Black "Wolanski, Michal"]
[Result "0-1"]
[WhiteElo "1522"]
[BlackElo "2005"]
[PlyCount "71"]
[EventDate "2022.06.28"]
[EventType "team"]
[EventRounds "7"]
[EventCountry "MKD"]
[WhiteTeam "Slovenia"]
[BlackTeam "Poland"]
[WhiteTeamCountry "SLO"]
[BlackTeamCountry "POL"]

1. d4 Nf6 2. Nf3 e6 3. e3 c5 4. Be2 b6 5. c3 Bb7 6. O-O Be7 7. Nbd2 O-O 8. Bd3
d5 9. Qe2 Nc6 10. h3 Re8 11. Re1 Qc7 12. a3 Bd6 13. Qd1 Rad8 14. Qa4 Nd7 15.
Bb5 a6 16. Bd3 e5 17. dxe5 Ncxe5 18. Be2 Re6 19. Nxe5 Nxe5 20. f4 Nd7 21. Nf3
Rde8 22. Qc2 Nf6 23. Bd3 Bxf4 24. exf4 Rxe1+ 25. Nxe1 Rxe1+ 26. Kf2 Re8 27. Be3
Qd6 28. Re1 d4 29. cxd4 cxd4 30. Bc1 Rxe1 31. Kxe1 g6 32. Qe2 Kg7 33. h4 Qd5
34. Kf1 b5 35. Bd2 Nh5 36. Qf2 0-1

[Event "IX IBCA World Team Ch. for the Blind an"]
[Site "Ohrid, North Macedonia"]
[Date "2022.07.03"]
[Round "6.1"]
[White "Pribeanu, Mihail-Dacian"]
[Black "Nizam, Rasim"]
[Result "1/2-1/2"]
[WhiteElo "2175"]
[BlackElo "2168"]
[PlyCount "27"]
[EventDate "2022.06.28"]
[EventType "team"]
[EventRounds "7"]
[EventCountry "MKD"]
[WhiteTeam "Romania"]
[BlackTeam "Bulgaria"]
[WhiteTeamCountry "ROU"]
[BlackTeamCountry "BUL"]

1. e4 e6 2. d3 d5 3. Nd2 Nf6 4. Ngf3 Nc6 5. g3 dxe4 6. dxe4 Bc5 7. Bg2 e5 8.
O-O O-O 9. c3 a5 10. Qa4 Bd7 11. Qc2 Be6 12. Ng5 Bd7 13. Ngf3 Be6 14. Ng5
1/2-1/2

[Event "IX IBCA World Team Ch. for the Blind an"]
[Site "Ohrid, North Macedonia"]
[Date "2022.07.03"]
[Round "6.2"]
[White "Ivanov, Ljubomir"]
[Black "Bratu, Gheorghe"]
[Result "0-1"]
[WhiteElo "1792"]
[BlackElo "1702"]
[PlyCount "80"]
[EventDate "2022.06.28"]
[EventType "team"]
[EventRounds "7"]
[EventCountry "MKD"]
[WhiteTeam "Bulgaria"]
[BlackTeam "Romania"]
[WhiteTeamCountry "BUL"]
[BlackTeamCountry "ROU"]

1. d4 d5 2. Bf4 c5 3. e3 Nf6 4. c3 cxd4 5. exd4 Nc6 6. Nf3 g6 7. Bd3 Bg7 8. O-O
O-O 9. h3 Bf5 10. Bxf5 gxf5 11. Ne5 e6 12. Nd2 Rc8 13. a4 Ne7 14. Re1 Ng6 15.
Nxg6 hxg6 16. Nf3 Ne4 17. h4 Bf6 18. g3 Kg7 19. Kg2 Qe7 20. Be5 Rh8 21. a5 a6
22. Ra4 Bxe5 23. dxe5 Rc7 24. Rb4 Qc5 25. Nd4 Qxa5 26. Nb3 Qa2 27. Qe2 a5 28.
Ra1 Qxa1 29. Nxa1 axb4 30. cxb4 Rhc8 31. f3 Rc1 32. fxe4 dxe4 33. Kf2 Rxa1 34.
Ke3 Rcc1 35. Kd4 Ra8 36. Ke3 Rd8 37. Kf4 Rd3 38. Qh2 Rf1+ 39. Kg5 Rff3 40. g4
Rg3 0-1

[Event "IX IBCA World Team Ch. for the Blind an"]
[Site "Ohrid, North Macedonia"]
[Date "2022.07.03"]
[Round "6.3"]
[White "Dima, Mihai"]
[Black "Georgiev, Todor St."]
[Result "1/2-1/2"]
[WhiteElo "1981"]
[BlackElo "1795"]
[PlyCount "110"]
[EventDate "2022.06.28"]
[EventType "team"]
[EventRounds "7"]
[EventCountry "MKD"]
[WhiteTeam "Romania"]
[BlackTeam "Bulgaria"]
[WhiteTeamCountry "ROU"]
[BlackTeamCountry "BUL"]

1. e4 c5 2. Nf3 e6 3. c3 d5 4. e5 d4 5. cxd4 cxd4 6. Bb5+ Nc6 7. O-O Qd5 8. Qb3
Bc5 9. Qxd5 exd5 10. b4 Bxb4 11. Nxd4 Nge7 12. Bb2 O-O 13. Nc2 a6 14. Ba4 Ba5
15. Bb3 Bc7 16. f4 Na5 17. Kh1 Nxb3 18. axb3 Nc6 19. Nc3 d4 20. Nd5 Bd8 21.
Nxd4 Nxd4 22. Bxd4 Be6 23. Nb6 Bxb6 24. Bxb6 Bxb3 25. Rfc1 Rfc8 26. Kg1 Kf8 27.
Kf2 Ke7 28. Ke3 Kd7 29. g4 Bd5 30. f5 Rc6 31. Rxc6 Kxc6 32. Ba5 b6 33. Bc3 a5
34. h4 Re8 35. Bd4 Bb3 36. Kd3 Kb5 37. Rc1 a4 38. Rc7 Rd8 39. Rb7 Ba2 40. Rxb6+
Ka5 41. Rd6 Re8 42. Rd7 Kb5 43. Rb7+ Kc6 44. Ra7 Kb5 45. Bc3 Bb3 46. Ra5+ Kb6
47. Bb4 Rc8 48. e6 fxe6 49. fxe6 Bxe6 50. Rg5 g6 51. h5 gxh5 52. gxh5 Rc6 53.
Ba5+ Ka6 54. Bc3 Kb7 55. Ra5 Bb3 1/2-1/2

[Event "IX IBCA World Team Ch. for the Blind an"]
[Site "Ohrid, North Macedonia"]
[Date "2022.07.03"]
[Round "6.4"]
[White "Patev, Petko"]
[Black "Pirosca, Alexandru"]
[Result "1-0"]
[WhiteElo "1792"]
[BlackElo "1888"]
[PlyCount "129"]
[EventDate "2022.06.28"]
[EventType "team"]
[EventRounds "7"]
[EventCountry "MKD"]
[WhiteTeam "Bulgaria"]
[BlackTeam "Romania"]
[WhiteTeamCountry "BUL"]
[BlackTeamCountry "ROU"]

1. e4 c5 2. Nc3 Nc6 3. f4 g6 4. Nf3 Bg7 5. g3 d6 6. Bg2 e6 7. O-O Nge7 8. d3
O-O 9. Ne2 Bd7 10. c3 d5 11. e5 Nf5 12. d4 cxd4 13. cxd4 h5 14. h3 Rc8 15. g4
hxg4 16. hxg4 Nh4 17. Nxh4 Qxh4 18. g5 Qg4 19. Kh2 Ne7 20. Bf3 Qf5 21. Nc3 Rxc3
22. bxc3 Bb5 23. Bg4 Qd3 24. Qxd3 Bxd3 25. Rd1 Be4 26. Ba3 Re8 27. Rac1 b5 28.
Be2 a6 29. Bd3 Bxd3 30. Rxd3 Nf5 31. Ra1 Rb8 32. Bb4 Bf8 33. Ba5 Be7 34. Kg2
Rb7 35. Kf2 Ng7 36. Rh3 Nh5 37. Kf3 Kg7 38. Rh2 Ba3 39. Rb1 Kf8 40. Rb3 Be7 41.
a4 Ke8 42. axb5 axb5 43. Rhb2 Bd8 44. Rxb5 Rxb5 45. Rxb5 Bxa5 46. Rxa5 Ng7 47.
Ke3 Nf5+ 48. Kd3 Kd7 49. Ra7+ Ke8 50. c4 dxc4+ 51. Kxc4 Ne3+ 52. Kd3 Nd5 53.
Ke4 Nc3+ 54. Kf3 Nd5 55. Ra4 Ke7 56. Ra7+ Ke8 57. Ra5 Kd7 58. Rc5 Ke8 59. Ke4
Kd8 60. Ra5 Kd7 61. Ra7+ Ke8 62. Ra6 Kd7 63. Ra5 Kc7 64. Rxd5 exd5+ 65. Kxd5
1-0

[Event "IX IBCA World Team Ch. for the Blind an"]
[Site "Ohrid, North Macedonia"]
[Date "2022.07.03"]
[Round "6.1"]
[White "Kolpakov, Vladyslav"]
[Black "Zambo, Zoltan Istvan"]
[Result "0-1"]
[WhiteElo "2258"]
[BlackElo "2326"]
[PlyCount "50"]
[EventDate "2022.06.28"]
[EventType "team"]
[EventRounds "7"]
[EventCountry "MKD"]
[WhiteTeam "Ukraine"]
[BlackTeam "Hungary"]
[WhiteTeamCountry "UKR"]
[BlackTeamCountry "HUN"]

1. e4 c5 2. Nf3 e6 3. d4 cxd4 4. Nxd4 a6 5. Bd3 g6 6. O-O Bg7 7. Nb3 Nc6 8. c4
Nge7 9. Nc3 O-O 10. Be3 d5 11. exd5 exd5 12. Bc5 Re8 13. Re1 Be6 14. Qe2 dxc4
15. Bxc4 Nf5 16. Bxe6 Rxe6 17. Qf1 Rxe1 18. Qxe1 Qh4 19. Rd1 Ne5 20. Nc1 Rc8
21. Ne4 Qf4 22. Qb4 Qg4 23. Rf1 Rxc5 24. f3 Nxf3+ 25. Kh1 Ng3+ 0-1

[Event "IX IBCA World Team Ch. for the Blind an"]
[Site "Ohrid, North Macedonia"]
[Date "2022.07.03"]
[Round "6.2"]
[White "Gyorkos, Lajos"]
[Black "Shepelev, Igor"]
[Result "0-1"]
[WhiteElo "2254"]
[BlackElo "2090"]
[PlyCount "114"]
[EventDate "2022.06.28"]
[EventType "team"]
[EventRounds "7"]
[EventCountry "MKD"]
[WhiteTeam "Hungary"]
[BlackTeam "Ukraine"]
[WhiteTeamCountry "HUN"]
[BlackTeamCountry "UKR"]

1. d4 Nf6 2. c4 g6 3. g3 Bg7 4. Bg2 O-O 5. Nc3 d6 6. Nf3 Nc6 7. O-O Bf5 8. d5
Na5 9. Nd2 c5 10. e4 Bd7 11. Qc2 a6 12. b3 b5 13. Bb2 Rb8 14. Rab1 Qc7 15. Nd1
bxc4 16. bxc4 Rb4 17. Bc3 Ba4 18. Qd3 Rxb1 19. Qxb1 Bxd1 20. Qxd1 Nd7 21. Bxg7
Kxg7 22. Qc2 Rb8 23. Rb1 Rxb1+ 24. Qxb1 Qb6 25. Qc1 f6 26. f4 Qb4 27. a3 Nb3
28. Qb2 Qxd2 29. Qxb3 Qe1+ 30. Bf1 Qxe4 31. Qb7 Qe3+ 32. Kg2 Nf8 33. Qxa6 f5
34. Qb7 h5 35. a4 Kf7 36. Qb2 Qe1 37. Be2 Nd7 38. Bf3 Nf6 39. Qc2 Qb4 40. Qa2
Qa5 41. Kf2 Nd7 42. Bd1 Nf6 43. Bf3 Ke8 44. Ke2 Kd8 45. Qb3 Qb4 46. Qa2 Kc7 47.
Kf2 Qa5 48. Qe2 Kd8 49. Qa2 Nd7 50. Bd1 Nb6 51. Bb3 Kc7 52. Qe2 Nc8 53. Bd1 Qc3
54. Qa2 Kb6 55. Qe2 Qd4+ 56. Kf1 Kc7 57. Qa2 Qxd1+ 0-1

[Event "IX IBCA World Team Ch. for the Blind an"]
[Site "Ohrid, North Macedonia"]
[Date "2022.07.03"]
[Round "6.3"]
[White "Zsiltzova-Lisenko, Lubov"]
[Black "Kovacs, Apollo"]
[Result "0-1"]
[WhiteElo "2165"]
[BlackElo "2105"]
[PlyCount "60"]
[EventDate "2022.06.28"]
[EventType "team"]
[EventRounds "7"]
[EventCountry "MKD"]
[WhiteTeam "Ukraine"]
[BlackTeam "Hungary"]
[WhiteTeamCountry "UKR"]
[BlackTeamCountry "HUN"]

1. e4 e5 2. Nf3 Nc6 3. Bb5 a6 4. Bxc6 dxc6 5. O-O Bg4 6. h3 h5 7. d3 Qf6 8. Be3
g5 9. Nbd2 Qg7 10. Re1 Bd7 11. Nh2 Be7 12. f3 Nh6 13. Qe2 O-O-O 14. g4 hxg4 15.
hxg4 Rh7 16. Ndf1 Rdh8 17. Ng3 Ng8 18. Nh5 Qg6 19. Nf1 Nf6 20. Nfg3 Nxh5 21.
Nxh5 Rxh5 22. gxh5 Qxh5 23. Qg2 Bh3 24. Qg3 g4 25. f4 Bh4 26. Qh2 Bxe1 27. Rxe1
g3 28. Qxg3 Qh7 29. Qf3 Rg8+ 30. Kf2 Qh4+ 0-1

[Event "IX IBCA World Team Ch. for the Blind an"]
[Site "Ohrid, North Macedonia"]
[Date "2022.07.03"]
[Round "6.4"]
[White "Szilagyi, Samuel Attila"]
[Black "Yatsishin, Ivan"]
[Result "0-1"]
[WhiteElo "1935"]
[BlackElo "2029"]
[PlyCount "50"]
[EventDate "2022.06.28"]
[EventType "team"]
[EventRounds "7"]
[EventCountry "MKD"]
[WhiteTeam "Hungary"]
[BlackTeam "Ukraine"]
[WhiteTeamCountry "HUN"]
[BlackTeamCountry "UKR"]

1. e4 e5 2. Nf3 Nc6 3. Bc4 Bc5 4. c3 Nf6 5. d4 exd4 6. cxd4 Bb4+ 7. Nbd2 Nxe4
8. d5 Nxd2 9. Bxd2 Bxd2+ 10. Qxd2 Ne7 11. O-O-O d6 12. h4 h6 13. h5 Bg4 14.
Rdf1 Qd7 15. Nd4 a6 16. Qf4 O-O-O 17. f3 Bf5 18. Re1 g5 19. hxg6 Bxg6 20. g4
Rhe8 21. Qd2 c5 22. Nc2 Ng8 23. Ne3 Qa4 24. Rhf1 Rxe3 25. Rxe3 Qxc4+ 0-1

[Event "IX IBCA World Team Ch. for the Blind an"]
[Site "Ohrid, North Macedonia"]
[Date "2022.07.04"]
[Round "7.1"]
[White "Zambo, Zoltan Istvan"]
[Black "Gashi, Gani"]
[Result "1-0"]
[WhiteElo "2326"]
[BlackElo "1738"]
[PlyCount "53"]
[EventDate "2022.06.28"]
[EventType "team"]
[EventRounds "7"]
[EventCountry "MKD"]
[WhiteTeam "Hungary"]
[BlackTeam "Kosovo"]
[WhiteTeamCountry "HUN"]
[BlackTeamCountry "KOS"]

1. Nf3 d5 2. d4 c5 3. e3 cxd4 4. exd4 a6 5. Bd3 e6 6. O-O Bd6 7. Re1 Ne7 8. c3
O-O 9. Nbd2 Ng6 10. Nf1 Nd7 11. Ng3 Nf6 12. Ne5 Bxe5 13. dxe5 Nd7 14. f4 b5 15.
Be3 f6 16. Bxg6 hxg6 17. exf6 gxf6 18. Bd4 Kf7 19. Qf3 Rh8 20. Re2 Nf8 21. Rae1
Rb8 22. b4 Rb7 23. Nf1 Ke8 24. Ne3 Kf7 25. Ng4 Nh7 26. Qg3 Re8 27. Nh6+ 1-0

[Event "IX IBCA World Team Ch. for the Blind an"]
[Site "Ohrid, North Macedonia"]
[Date "2022.07.04"]
[Round "7.2"]
[White "Berisha, Xhafer"]
[Black "Kovacs, Apollo"]
[Result "0-1"]
[WhiteElo "1440"]
[BlackElo "2105"]
[PlyCount "58"]
[EventDate "2022.06.28"]
[EventType "team"]
[EventRounds "7"]
[EventCountry "MKD"]
[WhiteTeam "Kosovo"]
[BlackTeam "Hungary"]
[WhiteTeamCountry "KOS"]
[BlackTeamCountry "HUN"]

1. d4 Nf6 2. c4 e6 3. Nc3 Bb4 4. Nf3 Bxc3+ 5. bxc3 Ne4 6. Qc2 f5 7. e3 b6 8. a4
a5 9. Ba3 d6 10. Rd1 Qe7 11. Bd3 Bb7 12. Be2 Nd7 13. d5 O-O 14. Rd3 Qf7 15. Nd2
Kh8 16. f3 Nec5 17. Rd4 exd5 18. cxd5 Bxd5 19. Bc4 Bxc4 20. Rxc4 Rae8 21. Kf2
Re6 22. Rh4 Qe7 23. Rf4 Rxe3 24. Nc4 Nd3+ 25. Qxd3 Rxd3 26. Re1 Qf7 27. Ne5
dxe5 28. Bxf8 exf4 29. Bxg7+ Kxg7 0-1

[Event "IX IBCA World Team Ch. for the Blind an"]
[Site "Ohrid, North Macedonia"]
[Date "2022.07.04"]
[Round "7.3"]
[White "Vojan, Istvan"]
[Black "Kastrati, Shaip"]
[Result "1-0"]
[WhiteElo "1801"]
[BlackElo "1475"]
[PlyCount "69"]
[EventDate "2022.06.28"]
[EventType "team"]
[EventRounds "7"]
[EventCountry "MKD"]
[WhiteTeam "Hungary"]
[BlackTeam "Kosovo"]
[WhiteTeamCountry "HUN"]
[BlackTeamCountry "KOS"]

1. b3 e5 2. Bb2 d6 3. e3 Nc6 4. Bb5 Bd7 5. Nf3 e4 6. Bxc6 bxc6 7. Nd4 c5 8. Ne2
c6 9. Ng3 Nf6 10. f3 exf3 11. Qxf3 Be7 12. c4 O-O 13. Nc3 Rc8 14. O-O Be6 15.
e4 Ng4 16. Nf5 Ne5 17. Qg3 Bf6 18. Kh1 Ng6 19. Rad1 Be5 20. Qg4 Kh8 21. Rf3 Re8
22. Rdf1 Nf8 23. Nd1 Qf6 24. Bxe5 Qxe5 25. Qh4 Ng6 26. Qh5 Rc7 27. Nde3 Nf8 28.
Qh4 g6 29. Nh6 Ree7 30. d3 d5 31. cxd5 cxd5 32. exd5 Bc8 33. Rxf7 Rxf7 34. Rxf7
Bf5 35. Rxf8+ 1-0

[Event "IX IBCA World Team Ch. for the Blind an"]
[Site "Ohrid, North Macedonia"]
[Date "2022.07.04"]
[Round "7.4"]
[White "Tishuki, Daut"]
[Black "Vilics, Hanna"]
[Result "0-1"]
[WhiteElo "1557"]
[BlackElo "1663"]
[PlyCount "56"]
[EventDate "2022.06.28"]
[EventType "team"]
[EventRounds "7"]
[EventCountry "MKD"]
[WhiteTeam "Kosovo"]
[BlackTeam "Hungary"]
[WhiteTeamCountry "KOS"]
[BlackTeamCountry "HUN"]

1. d4 d5 2. Nf3 e6 3. c4 Nf6 4. Nc3 Be7 5. cxd5 exd5 6. e3 O-O 7. Qc2 b6 8. Bd3
Bb7 9. e4 dxe4 10. Nxe4 Nbd7 11. O-O Nxe4 12. Bxe4 Bxe4 13. Qxe4 Nf6 14. Qc2
Nd5 15. a3 a5 16. Bd2 Re8 17. Rfe1 Qd6 18. Qf5 Bf6 19. Ne5 g6 20. Qe4 Bg7 21.
Rac1 f6 22. Rc6 Qd8 23. Bf4 Nxf4 24. Qxf4 fxe5 25. dxe5 Rxe5 26. Qc4+ Qd5 27.
Rxe5 Qxc4 28. Rxc4 Bxe5 0-1

[Event "IX IBCA World Team Ch. for the Blind an"]
[Site "Ohrid, North Macedonia"]
[Date "2022.07.04"]
[Round "7.1"]
[White "Nizam, Rasim"]
[Black "Kolpakov, Vladyslav"]
[Result "1/2-1/2"]
[WhiteElo "2168"]
[BlackElo "2258"]
[PlyCount "80"]
[EventDate "2022.06.28"]
[EventType "team"]
[EventRounds "7"]
[EventCountry "MKD"]
[WhiteTeam "Bulgaria"]
[BlackTeam "Ukraine"]
[WhiteTeamCountry "BUL"]
[BlackTeamCountry "UKR"]

1. e4 c5 2. Nf3 d6 3. d4 cxd4 4. Nxd4 Nf6 5. Nc3 a6 6. Be2 e5 7. Nb3 Be7 8. O-O
O-O 9. Bf3 Be6 10. Re1 Nbd7 11. a4 Rc8 12. a5 h6 13. Be3 Qc7 14. h3 Rfe8 15.
Qd2 Nf8 16. Rec1 Ng6 17. Be2 Qd7 18. Qd3 Nh4 19. Bb6 Ng6 20. Be3 Qc6 21. Rd1
Red8 22. Bf3 Nh4 23. Bb6 Bc4 24. Qe3 Nxf3+ 25. Qxf3 Rd7 26. Rd2 Bd8 27. Be3 Be6
28. Nd5 Bxd5 29. exd5 Qb5 30. Rad1 Rc4 31. Qf5 Rdc7 32. Bb6 Rc8 33. Bxd8 Rxd8
34. Kh1 Rf4 35. Qd3 Qxd3 36. Rxd3 Rxf2 37. Nd2 Rc8 38. Kg1 Rf4 39. c4 Nd7 40.
Rb3 Nc5 1/2-1/2

[Event "IX IBCA World Team Ch. for the Blind an"]
[Site "Ohrid, North Macedonia"]
[Date "2022.07.04"]
[Round "7.2"]
[White "Shepelev, Igor"]
[Black "Ivanov, Ljubomir"]
[Result "1/2-1/2"]
[WhiteElo "2090"]
[BlackElo "1792"]
[PlyCount "115"]
[EventDate "2022.06.28"]
[EventType "team"]
[EventRounds "7"]
[EventCountry "MKD"]
[WhiteTeam "Ukraine"]
[BlackTeam "Bulgaria"]
[WhiteTeamCountry "UKR"]
[BlackTeamCountry "BUL"]

1. d4 Nf6 2. Nf3 d5 3. g3 g6 4. Bg2 Bg7 5. O-O O-O 6. c4 c6 7. Ne5 Be6 8. b3
Nfd7 9. Nxd7 Qxd7 10. c5 Na6 11. Ba3 Bh3 12. f4 Bxg2 13. Kxg2 Qe6 14. Qd3 Qe4+
15. Qxe4 dxe4 16. e3 f5 17. Nd2 Nc7 18. Rfe1 Kf7 19. Rac1 Bf6 20. h4 h6 21. Rh1
Nd5 22. Kf2 Bxd4 23. exd4 e3+ 24. Ke2 exd2 25. Kxd2 Nf6 26. Ke3 Ne4 27. g4 h5
28. g5 a5 29. Rc4 Ke6 30. Rb1 Rfd8 31. Bc1 Kd5 32. a4 Rdb8 33. Kd3 b5 34. cxb6
Rxb6 35. Ba3 Rab8 36. b4 axb4 37. Rcxb4 Rxb4 38. Rxb4 Ra8 39. Rc4 e6 40. Be7
Ra7 41. Bf8 Rb7 42. Bb4 Rb6 43. a5 Rb5 44. a6 Rb6 45. a7 Ra6 46. Bf8 Rxa7 47.
Rc2 Rb7 48. Ra2 Rb3+ 49. Kc2 Rc3+ 50. Kb2 Rf3 51. Ra5+ Kxd4 52. Re5 Rf2+ 53.
Kb3 c5 54. Rxe6 c4+ 55. Ka3 c3 56. Rxg6 c2 57. Rc6 Nc3 58. Kb2 1/2-1/2

[Event "IX IBCA World Team Ch. for the Blind an"]
[Site "Ohrid, North Macedonia"]
[Date "2022.07.04"]
[Round "7.3"]
[White "Georgiev, Todor St."]
[Black "Zsiltzova-Lisenko, Lubov"]
[Result "0-1"]
[WhiteElo "1795"]
[BlackElo "2165"]
[PlyCount "66"]
[EventDate "2022.06.28"]
[EventType "team"]
[EventRounds "7"]
[EventCountry "MKD"]
[WhiteTeam "Bulgaria"]
[BlackTeam "Ukraine"]
[WhiteTeamCountry "BUL"]
[BlackTeamCountry "UKR"]

1. d4 d5 2. Nf3 Nf6 3. c4 dxc4 4. Nc3 a6 5. a4 Nc6 6. e4 Bg4 7. Be3 e5 8. d5
Na5 9. h3 Bxf3 10. Qxf3 h6 11. Be2 Bd6 12. O-O O-O 13. Qg3 Kh8 14. Rae1 Qe7 15.
Bd1 Rab8 16. Kh1 b5 17. f4 b4 18. Nb1 Nxe4 19. Qf3 f5 20. Nd2 Nxd2 21. Bxd2 e4
22. Qh5 Kh7 23. Qe2 Rbe8 24. Bc2 Qf7 25. Be3 Qxd5 26. Rd1 Qf7 27. g4 Qf6 28.
gxf5 Qxf5 29. Qg2 Nc6 30. Rg1 Rf7 31. Rdf1 Kh8 32. Rf3 exf3 33. Bxf5 fxg2+ 0-1

[Event "IX IBCA World Team Ch. for the Blind an"]
[Site "Ohrid, North Macedonia"]
[Date "2022.07.04"]
[Round "7.4"]
[White "Yatsishin, Ivan"]
[Black "Patev, Petko"]
[Result "1/2-1/2"]
[WhiteElo "2029"]
[BlackElo "1792"]
[PlyCount "66"]
[EventDate "2022.06.28"]
[EventType "team"]
[EventRounds "7"]
[EventCountry "MKD"]
[WhiteTeam "Ukraine"]
[BlackTeam "Bulgaria"]
[WhiteTeamCountry "UKR"]
[BlackTeamCountry "BUL"]

1. e4 e5 2. Nf3 d6 3. d4 Nd7 4. Bc4 c6 5. Ng5 Nh6 6. O-O Qe7 7. Nc3 Nb6 8. Be2
f6 9. Nf3 Nf7 10. a4 a5 11. d5 Qc7 12. Be3 Be7 13. Ra3 O-O 14. Rb3 Nd7 15. h3
c5 16. Nb5 Qd8 17. Nd2 Nb6 18. Nc4 Nxc4 19. Bxc4 f5 20. exf5 Bxf5 21. Nc3 Rb8
22. Bd3 Qc8 23. Be4 Ng5 24. Bxg5 Bxg5 25. Qe2 Qd7 26. Re1 Be7 27. Bxf5 Qxf5 28.
Ne4 Qf7 29. c4 b6 30. Rc3 Qf5 31. Rb1 Qd7 32. b3 Rf4 33. Rd1 Rbf8 1/2-1/2

[Event "IX IBCA World Team Ch. for the Blind an"]
[Site "Ohrid, North Macedonia"]
[Date "2022.07.04"]
[Round "7.1"]
[White "Turicnik, Vlado"]
[Black "Pribeanu, Mihail-Dacian"]
[Result "1/2-1/2"]
[WhiteElo "1961"]
[BlackElo "2175"]
[PlyCount "72"]
[EventDate "2022.06.28"]
[EventType "team"]
[EventRounds "7"]
[EventCountry "MKD"]
[WhiteTeam "Slovenia"]
[BlackTeam "Romania"]
[WhiteTeamCountry "SLO"]
[BlackTeamCountry "ROU"]

1. e4 c6 2. d4 d5 3. Nc3 dxe4 4. Nxe4 Bf5 5. Ng3 Bg6 6. Nh3 e6 7. Nf4 Bd6 8. h4
Bxf4 9. Bxf4 h6 10. c3 Nf6 11. Qb3 Qe7 12. Be2 O-O 13. c4 Rd8 14. Rd1 a5 15. a3
a4 16. Qf3 Nbd7 17. h5 Bh7 18. O-O Re8 19. Qc3 c5 20. d5 e5 21. Bc1 e4 22. Bf4
Ra6 23. Rfe1 Rb6 24. Rd2 Rb3 25. Qc1 e3 26. fxe3 Rxe3 27. Rdd1 Rb3 28. Bf3 Qd8
29. Rxe8+ Qxe8 30. Re1 Qd8 31. Bd1 Rd3 32. Bxa4 Rd4 33. Bb5 Bd3 34. a4 Ng4 35.
Ne2 Re4 36. Nc3 Rd4 1/2-1/2

[Event "IX IBCA World Team Ch. for the Blind an"]
[Site "Ohrid, North Macedonia"]
[Date "2022.07.04"]
[Round "7.2"]
[White "Bratu, Gheorghe"]
[Black "Znuderl, Matej"]
[Result "1-0"]
[WhiteElo "1702"]
[BlackElo "1879"]
[PlyCount "63"]
[EventDate "2022.06.28"]
[EventType "team"]
[EventRounds "7"]
[EventCountry "MKD"]
[WhiteTeam "Romania"]
[BlackTeam "Slovenia"]
[WhiteTeamCountry "ROU"]
[BlackTeamCountry "SLO"]

1. Nf3 c5 2. g3 Nc6 3. d4 cxd4 4. Nxd4 Nf6 5. Bg2 g6 6. c4 Bg7 7. Nc3 O-O 8.
O-O Qb6 9. Nb3 d6 10. Nd5 Qd8 11. Bg5 Ne5 12. Bxf6 exf6 13. Rc1 Be6 14. Nd4 Rc8
15. b3 Re8 16. Qd2 Ng4 17. h3 Bh6 18. e3 Bxd5 19. Bxd5 Nxe3 20. Rfe1 Nf5 21. f4
Qb6 22. Rxe8+ Rxe8 23. Rd1 Nxg3 24. Kg2 Nh5 25. Rf1 f5 26. Rf2 Nf6 27. Re2 Ne4
28. Bxe4 fxe4 29. Nb5 f5 30. Qd5+ Kf8 31. Nxd6 Rd8 32. Qf7# 1-0

[Event "IX IBCA World Team Ch. for the Blind an"]
[Site "Ohrid, North Macedonia"]
[Date "2022.07.04"]
[Round "7.3"]
[White "Muri, Emil"]
[Black "Dima, Mihai"]
[Result "1/2-1/2"]
[WhiteElo "1782"]
[BlackElo "1981"]
[PlyCount "66"]
[EventDate "2022.06.28"]
[EventType "team"]
[EventRounds "7"]
[EventCountry "MKD"]
[WhiteTeam "Slovenia"]
[BlackTeam "Romania"]
[WhiteTeamCountry "SLO"]
[BlackTeamCountry "ROU"]

1. e4 e6 2. d4 d5 3. Nc3 dxe4 4. Nxe4 Bd7 5. Nf3 Bc6 6. Bd3 Nd7 7. O-O Ngf6 8.
Nxf6+ Nxf6 9. c3 Be7 10. Ne5 Qd5 11. Nxc6 Qxc6 12. Bg5 Nd5 13. Bxe7 Nxe7 14.
Qe2 Qd7 15. Rad1 O-O 16. Rfe1 Nd5 17. Qe4 Nf6 18. Qh4 h6 19. Re5 Nh7 20. Qe4
Nf6 21. Qf3 c6 22. g4 Nh7 23. h4 Rae8 24. Qe4 f5 25. gxf5 exf5 26. Qf4 Qd6 27.
Qe3 Rxe5 28. dxe5 Qe7 29. Bc4+ Kh8 30. e6 Qxh4 31. e7 Qg4+ 32. Kh2 Qh4+ 33. Kg2
Qg4+ 1/2-1/2